Top 30 : Rosalía - Statistiques

Statistiques générales
  • Ce quiz a été pris 62 fois
  • Le résultat moyen est 15 sur 30
Statistiques - réponses
Top Titres Featuring % Correct
4 BESO Rauw Alejandro
90%
7 LA FAMA The Weeknd
86%
1 DESPECHÁ
82%
22 LA COMBI VERSACE Tokischa
76%
8 TKN Travis Scott
76%
2 LA NOCHE DE ANOCHE Bad Bunny
75%
3 Con Altura J Balvin, El Guincho
71%
12 MALAMENTE - Cap.1: Augurio
69%
26 VAMPIROS Rauw Alejandro
67%
16 Linda Tokischa
65%
11 New Woman Lisa
63%
15 SAOKO
63%
23 CANDY
53%
13 BIZCOCHITO
45%
6 Yo x Ti, Tu x Mi Ozuna
45%
18 Brillo J Balvin
41%
20 Lo Vas A Olvidar Billie Eilish
41%
27 TUYA
41%
19 El Pañuelo Romeo Santos
37%
14 HIGHEST IN THE ROOM - Remix Travis Scott, Lil Baby
37%
21 PIENSO EN TU MIRÁ - Cap.3: Celos
35%
25 CHICKEN TERIYAKI
31%
24 DI MI NOMBRE - Cap.8: Éxtasis
31%
17 LLYLM
31%
10 Antes de Morirme C. Tangana
27%
9 Besos Moja2 Wisin y Yandel
27%
28 BAGDAD - Cap.7: Liturgia
25%
5 Relación - Remix Sech, Daddy Yankee, J Balvin, Farruko
25%
29 Aute Cuture
16%
30 Milionària
10%
Aucun quiz correspondant
Distribution des résultats
% des personnes avec chaque résultat
Percentile par nombre de réponses
Votre historique - résultats
Vous n’avez pas pris ce quiz